01032cam a22003135a 4500001001000000003000400010005001700014008004100031015001900072016001800091020002500109040004000134082001900174100001800193245004500211250001200256260004400268300002600312500002400338504004200362530002400404650003000428651001000458653002400468690004400492942000800536999001700544952015700561016973787OSt20161017154442.0141022s2015 enk frb 001 0 eng d aGBB4E44612bnb7 a0169737872Uk a9781119025764 (pbk.) aStDuBDSbengcStDuBDSdUkdEG-ScBUE04a332.6bLEV2221 aLevene, Tony.10aInvesting for dummies /cby Tony Levene. a4th ed. aChichester :bJohn Wiley & Sons,c2015. axii, 342 p. ;c24 cm. aIndex : p. 327-342. aIncludes bibliographical references.  aAlso issued online. 7aInvestments.2BUEsh99026 2BUEsh bBUSECOcOctober20167 aManagement and Business Studies2blcoll 2ddc c22666d22638 00102ddc40708AcademicaMAINbMAINc1STd2016-10-17ePurchaseg193.00h9132l4m52o332.6 LEVp000034155r2025-07-15 00:00:00s2021-11-04v241.00yBB